Německá obchodní korespondence
Salvato in:
| Autore principale: | |
|---|---|
| Natura: | Libro |
| Lingua: | ceco tedesco |
| Pubblicazione: |
Plzeň
Fraus
1999
|
| Edizione: | 2. vyd. |
| Serie: | Nový pravopis
|
| Soggetti: | |
| Tags: |
Nessun Tag, puoi essere il primo ad aggiungerne!!
|
MARC
| LEADER | 00000nam a2200000 4500 | ||
|---|---|---|---|
| 001 | 0047624 | ||
| 005 | 20220329104005.4 | ||
| 020 | |a 80-7238-018-4 | ||
| 041 | 0 | |a cze | |
| 041 | 0 | |a ger | |
| 044 | |a CZ | ||
| 245 | 1 | 0 | |a Německá obchodní korespondence |c Rudolf Sachs |
| 250 | |a 2. vyd. | ||
| 264 | 1 | |a Plzeň |b Fraus |c 1999 | |
| 300 | |a 167 s. | ||
| 490 | 1 | |a Nový pravopis | |
| 830 | 0 | |a Nový pravopis | |
| 610 | 2 | 0 | |a korešpondencia |
| 610 | 2 | 0 | |a obchod |
| 610 | 2 | 0 | |a jazykoveda |
| 610 | 2 | 0 | |a terminológia |
| 610 | 2 | 0 | |a nemčina |
| 100 | 1 | |a Sachs, Rudolf | |